Online
Catalog

La cultura como historia : (Record no. 22266)

MARC details
000 -CABECERA
campo de control de longitud fija 00783nam a2200229 a 4500
001 - NÚMERO DE CONTROL
campo de control 000022769
005 - FECHA Y HORA DE LA ÚLTIMA TRANSACCIÓN
campo de control 20200930021804.0
008 - DATOS DE LONGITUD FIJA--INFORMACIÓN GENERAL
campo de control de longitud fija 101117s1987 mx r 000 | spa d
020 ## - NÚMERO INTERNACIONAL ESTÁNDAR DEL LIBRO
Número Internacional Estándar del Libro 9684093705
040 ## - FUENTE DE LA CATALOGACIÓN
Centro catalogador/agencia de origen DO-SdBNP
Lengua de catalogación spa
Centro/agencia transcriptor BNPHU
082 ## - NÚMERO DE LA CLASIFICACIÓN DECIMAL DEWEY
Número de clasificación 306.0973
Número de documento/Ítem S964c
049 ## - FONDOS LOCALES (OCLC)
Fondos de biblioteca BNGR
100 1# - ENTRADA PRINCIPAL--NOMBRE DE PERSONA
Nombre de persona Susman, Warren I.
9 (RLIN) 46780
240 10 - TÍTULO UNIFORME
Título uniforme Culture as history
245 13 - MENCIÓN DE TÍTULO
Título La cultura como historia :
Resto del título transformación de la sociedad norteamericana en el siglo veinte /
Mención de responsabilidad, etc. Warren I. Susman; traducción de Rafael Quijano Ramírez.
260 ## - PUBLICACIÓN, DISTRIBUCIÓN, ETC.
Lugar de publicación, distribución, etc. México D. F. :
Nombre del editor, distribuidor, etc. EDAMEX,
Fecha de publicación, distribución, etc. 1987.
300 ## - DESCRIPCIÓN FÍSICA
Extensión 367 p. :
Otras características físicas il. ;
Dimensiones 21 cm.
650 #4 - PUNTO DE ACCESO ADICIONAL DE MATERIA--TÉRMINO DE MATERIA
Código de función/relación CULTURA
650 #4 - PUNTO DE ACCESO ADICIONAL DE MATERIA--TÉRMINO DE MATERIA
Término de materia o nombre geográfico como elemento de entrada Cultura
Subdivisión general Historia
9 (RLIN) 46781
700 1# - PUNTO DE ACCESO ADICIONAL--NOMBRE DE PERSONA
Nombre de persona Quijano Ramírez, Rafael
Término indicativo de función/relación tr.
9 (RLIN) 46782
834 ## -
-- Título original :
-- Culture as history
Holdings
Estado de retiro Estado de pérdida Restricciones de uso No para préstamo Código de colección Localización permanente Ubicación/localización actual Ubicación en estantería Fecha de adquisición Número de inventario Total de préstamos Signatura topográfica completa Código de barras Fecha visto por última vez Precio válido a partir de Tipo de ítem Koha
      Excluido de préstamo Monografías: Libros y Folletos General General En catalogación 17.11.2010 LF1   306.0973 S964c 22769-10 25.06.2020 25.06.2020 No se presta

Powered by Koha